[Event "Titled Tuesday intern op 12th May"]
[Site "Chess.com INT"]
[Date "2020.05.12"]
[Round "8"]
[White "Burdalev, Kirill"]
[Black "Shlyakhetsky, Vladimir"]
[Result "0-1"]
[WhiteElo "2394"]
[BlackElo "2257"]
[PlyCount "74"]
[EventDate "2020.05.12"]
[EventType "swiss (blitz)"]
[EventRounds "10"]
[EventCountry "USA"]
[SourceTitle "EXT 2021"]
[Source "ChessBase"]
[SourceDate "2020.10.23"]
[SourceVersion "1"]
[SourceVersionDate "2020.10.23"]
[SourceQuality "1"]

1. e4 c5 2. Nf3 a6 3. c3 d6 4. d4 cxd4 5. cxd4 Nf6 6. Nc3 g6 7. Be3 Bg7 8. h3 0-0 9. Be2 b5 10. a3 Bb7 11. d5 Nbd7 12. 0-0 Rc8 13. Bd4 Nc5 14. Nd2 e6 15. dxe6 Nxe6 16. Be3 d5 17. exd5 Nxd5 18. Nxd5 Bxd5 19. Rb1 Nd4 20. Bxd4 Bxd4 21. Bf3 Bxf3 22. Nxf3 Bf6 23. Qb3 Qc7 24. Rbd1 Qc2 25. Qb4 Qxb2 26. Qf4 Rc4 27. Qh6 Bg7 28. Qe3 Rc3 29. Qa7 Rxa3 30. Rd7 Qf6 31. h4 h6 32. Rfd1 b4 33. h5 g5 34. Qb7 b3 35. Qb4 Qb2 36. R7d2 Bc3 37. Rxb2 Bxb4 0-1

[Event "Titled Tuesday intern op 12th May"]
[Site "Chess.com INT"]
[Date "2020.05.12"]
[Round "6"]
[White "Omariev, Maksim"]
[Black "Shlyakhetsky, Vladimir"]
[Result "1/2-1/2"]
[WhiteElo "2304"]
[BlackElo "2257"]
[PlyCount "120"]
[EventDate "2020.05.12"]
[EventType "swiss (blitz)"]
[EventRounds "10"]
[EventCountry "USA"]
[SourceTitle "EXT 2021"]
[Source "ChessBase"]
[SourceDate "2020.10.23"]
[SourceVersion "1"]
[SourceVersionDate "2020.10.23"]
[SourceQuality "1"]

1. g4 e5 2. Bg2 d6 3. d4 c6 4. g5 Be7 5. h4 h6 6. dxe5 dxe5 7. Qxd8+ Bxd8 8. Nf3 hxg5 9. hxg5 Rxh1+ 10. Bxh1 Bf5 11. Nxe5 Bxc2 12. Na3 Bf5 13. Nac4 Bc7 14. e4 Be6 15. f4 Nd7 16. Nxd7 Bxc4 17. Nc5 0-0-0 18. b3 Ba5+ 19. Kf2 Bc3 20. Rb1 Bb5 21. a4 Bd3 22. Nxd3 Rxd3 23. Be3 Bd2 24. Bxd2 Rxd2+ 25. Ke3 Rh2 26. Bf3 Ne7 27. Bg4+ Kc7 28. Rd1 Kb6 29. Rd7 Ng6 30. Rxf7 Rg2 31. Bf3 Rg3 32. Rxg7 Nh4 33. f5 Rxf3+ 34. Kd4 Nxf5+ 35. exf5 Rxf5 36. g6 Rg5 37. Kc4 Ka6 38. b4 b5+ 39. axb5+ cxb5+ 40. Kd4 Kb6 41. Ke4 a5 42. bxa5+ Kxa5 43. Kf4 Rg1 44. Kf5 Kb4 45. Rb7 Kb3 46. g7 b4 47. Kf6 Kc3 48. Rb5 b3 49. Rg5 Rxg5 50. Kxg5 b2 51. g8Q b1Q 52. Qc8+ Kb2 53. Qb7+ Kc2 54. Qe4+ Kb2 55. Qb4+ Ka2 56. Qa4+ Kb2 57. Kf4 Qc2 58. Qb4+ Qb3 59. Qd2+ Qc2 60. Qxc2+ Kxc2 1/2-1/2

[Event "Titled Tuesday intern op 12th May"]
[Site "Chess.com INT"]
[Date "2020.05.12"]
[Round "4"]
[White "Shlyakhetsky, Vladimir"]
[Black "Atanasov, Anthony"]
[Result "0-1"]
[WhiteElo "2257"]
[BlackElo "2205"]
[PlyCount "66"]
[EventDate "2020.05.12"]
[EventType "swiss (blitz)"]
[EventRounds "10"]
[EventCountry "USA"]
[SourceTitle "EXT 2021"]
[Source "ChessBase"]
[SourceDate "2020.10.23"]
[SourceVersion "1"]
[SourceVersionDate "2020.10.23"]
[SourceQuality "1"]

1. d4 e5 2. Nf3 e4 3. Nfd2 e3 4. fxe3 d5 5. e4 Nf6 6. exd5 Ng4 7. Nf3 Qxd5 8. Nc3 Bb4 9. Qd3 Bf5 10. Qd2 Bxc3 11. Qxc3 Nc6 12. e3 0-0-0 13. Bd2 Rhe8 14. h3 Nf6 15. Bd3 Ne4 16. Bxe4 Bxe4 17. 0-0-0 Rd6 18. Qb3 Ne7 19. Qxd5 Nxd5 20. Rde1 Rc6 21. c3 Nb4 22. Ref1 Nxa2+ 23. Kd1 f6 24. Ne1 Ra6 25. Nc2 Bxg2 26. Rhg1 Bxh3 27. Rf3 Be6 28. Rxg7 Bd5 29. Rf4 Bb3 30. Rxh7 Rc6 31. Rg4 Nb4 32. cxb4 Bxc2+ 33. Ke1 Bxh7 0-1

[Event "Titled Tuesday intern op 12th May"]
[Site "Chess.com INT"]
[Date "2020.05.12"]
[Round "1"]
[White "Shlyakhetsky, Vladimir"]
[Black "Erdogan, Anil Berk"]
[Result "1-0"]
[WhiteElo "2257"]
[BlackElo "2155"]
[PlyCount "77"]
[EventDate "2020.05.12"]
[EventType "swiss (blitz)"]
[EventRounds "10"]
[EventCountry "USA"]
[SourceTitle "EXT 2021"]
[Source "ChessBase"]
[SourceDate "2020.10.23"]
[SourceVersion "1"]
[SourceVersionDate "2020.10.23"]
[SourceQuality "1"]

1. d4 Nf6 2. Nf3 c5 3. c4 g6 4. Nc3 cxd4 5. Nxd4 Nc6 6. e3 Bg7 7. Be2 0-0 8. 0-0 Nxd4 9. exd4 d5 10. c5 b6 11. b4 a5 12. b5 bxc5 13. dxc5 Ne4 14. Nxe4 Bxa1 15. Bh6 Bg7 16. Bxg7 Kxg7 17. Qd4+ e5 18. Qxe5+ f6 19. Nxf6 Qxf6 20. Qxd5 Be6 21. Qd2 Rfd8 22. Qc2 Bf5 23. Qc1 Bd3 24. Bxd3 Rxd3 25. c6 Rc3 26. Qd2 Rd8 27. Qe2 a4 28. g3 Rc5 29. Rb1 Rb8 30. Rb4 Rb6 31. Rd4 Qxd4 32. Qe7+ Kh6 33. Qf8+ Kh5 34. Qe7 Rc1+ 35. Kg2 Qd5+ 36. Kh3 Qf5+ 37. Kg2 Qd5+ 38. Kh3 Rc3 39. Qh4# 1-0

[Event "Titled Tuesday intern op 28th Apr"]
[Site "Chess.com INT"]
[Date "2020.04.28"]
[Round "3"]
[White "Berke, Ana"]
[Black "Shlyakhetsky, Vladimir"]
[Result "0-1"]
[WhiteElo "2090"]
[BlackElo "2257"]
[PlyCount "58"]
[EventDate "2020.04.28"]
[EventType "swiss (blitz)"]
[EventRounds "10"]
[EventCountry "USA"]
[SourceTitle "EXT 2021"]
[Source "ChessBase"]
[SourceDate "2020.10.23"]
[SourceVersion "1"]
[SourceVersionDate "2020.10.23"]
[SourceQuality "1"]

1. e4 c5 2. Nf3 a6 3. c4 d6 4. d4 Bg4 5. Be3 cxd4 6. Bxd4 Nc6 7. Be3 Nf6 8. Nc3 g6 9. Be2 Bg7 10. 0-0 0-0 11. h3 Bxf3 12. Bxf3 Rc8 13. Rc1 Ne5 14. Be2 Nxc4 15. Bxc4 Rxc4 16. f3 Qc7 17. Qd3 Rc8 18. Kh2 d5+ 19. Kg1 d4 20. Bxd4 Rxd4 21. Qxd4 Ng4 22. e5 Nxe5 23. Qe3 Nc4 24. Qf2 Bh6 25. Rcd1 Be3 26. Nd5 Bxf2+ 27. Rxf2 Qc5 28. Kf1 e6 29. Nc3 Ne3+ 0-1

[Event "Titled Tuesday intern op 28th Apr"]
[Site "Chess.com INT"]
[Date "2020.04.28"]
[Round "9"]
[White "Shlyakhetsky, Vladimir"]
[Black "Muhammed, Shuaau"]
[Result "1-0"]
[WhiteElo "2257"]
[BlackElo "1893"]
[PlyCount "105"]
[EventDate "2020.04.28"]
[EventType "swiss (blitz)"]
[EventRounds "10"]
[EventCountry "USA"]
[SourceTitle "EXT 2021"]
[Source "ChessBase"]
[SourceDate "2020.10.23"]
[SourceVersion "1"]
[SourceVersionDate "2020.10.23"]
[SourceQuality "1"]

1. d4 d5 2. Nf3 Nf6 3. g3 e6 4. Bg2 Be7 5. 0-0 0-0 6. c4 dxc4 7. Ne5 c5 8. dxc5 Bxc5 9. Nxc4 Nc6 10. Nc3 Bd4 11. Qb3 Bxc3 12. Qxc3 Qd4 13. Rd1 Qxc3 14. bxc3 Bd7 15. Bg5 Rfd8 16. Nd6 Rab8 17. Rab1 b6 18. Ne4 Nxe4 19. Bxd8 Nxc3 20. Rxd7 Nxd8 21. Rb2 e5 22. Rxa7 Ne6 23. e3 g6 24. Ra8 Rxa8 25. Bxa8 b5 26. Bc6 Nc7 27. a3 Kf8 28. Rb3 Ne2+ 29. Kf1 Nc1 30. Rc3 Na2 31. Rc2 b4 32. Rxa2 bxa3 33. Rxa3 Ke7 34. Ra7 Kd6 35. Rxc7 Kxc7 36. Bd5 Kd6 37. Bxf7 Ke7 38. Bg8 h6 39. Bh7 Kf7 40. Ke2 Kg7 41. Bxg6 Kxg6 42. Kf3 Kf5 43. g4+ Kg5 44. Kg3 e4 45. h4+ Kf6 46. Kf4 Kg6 47. Kxe4 h5 48. Kf4 hxg4 49. Kxg4 Kf6 50. f4 Kg6 51. e4 Kf6 52. e5+ Ke6 53. h5 1-0